Dynamic programming , its principles, applications, strengths, and limitations
La programacin̤ dinm̀ica es uno de los estǹdares de diseǫ de algoritmos ms̀ elegante. Se constituye en una herramienta poderosa que genera algoritmos cls̀icos para una variedad considerable de problemas de optimizacin̤ combinatoria. En este documento se introducen sus principios de trabajo fundame...
Salvato in:
| Altri autori: | , |
|---|---|
| Natura: | Libro |
| Lingua: | inglese |
| Soggetti: | |
| Accesso online: | Dynamic programming , its principles, applications, strengths, and limitations |
| Tags: |
Aggiungi Tag
Nessun Tag, puoi essere il primo ad aggiungerne!!
|
MARC
| LEADER | 00000nam a22000004a 4500 | ||
|---|---|---|---|
| 001 | vpro7923 | ||
| 005 | 20201223000000.0 | ||
| 008 | 140612s2014 ck # g## #001 0#eng#d | ||
| 020 | |||
| 022 | |a 0975-5462 | ||
| 040 | |a CO-BoINGC | ||
| 041 | 0 | |a eng | |
| 245 | 1 | 0 | |a Dynamic programming , its principles, applications, strengths, and limitations |
| 246 | |a Programacin̤ dinm̀ica : sus principios, aplicaciones, fortalezas y limitaciones | ||
| 264 | |a Bogot ̀(Colombia) : |b Revista VirtualPRO, |c 2014 | ||
| 520 | 3 | |a La programacin̤ dinm̀ica es uno de los estǹdares de diseǫ de algoritmos ms̀ elegante. Se constituye en una herramienta poderosa que genera algoritmos cls̀icos para una variedad considerable de problemas de optimizacin̤ combinatoria. En este documento se introducen sus principios de trabajo fundamentales y principales r̀eas de aplicacin̤, as ̕como las fortalezas que le dan primaca̕ sobre otros enfoques y las limitaciones que tambiň posee. | |
| 650 | \ | \ | |a Algoritmos genťicos |
| 650 | \ | \ | |a Administracin̤ |
| 650 | \ | \ | |a Investigacin̤ operacional |
| 650 | \ | \ | |a Genetic algorithms |
| 650 | \ | \ | |a Management |
| 650 | \ | \ | |a Operations research |
| 650 | \ | \ | |a Ciencias de la administracin̤ |
| 650 | \ | \ | |a Programacin̤ dinm̀ica |
| 650 | \ | \ | |a Optimizacin̤ |
| 650 | \ | \ | |a Principio de optimalidad |
| 650 | \ | \ | |a Principios de trabajo |
| 650 | \ | \ | |a Administration sciences |
| 650 | \ | \ | |a Dynamic programming |
| 650 | \ | \ | |a Optimization |
| 650 | \ | \ | |a Principle of optimality |
| 650 | \ | \ | |a Principles of work |
| 700 | \ | \ | |a Bhowmik Biswajit |
| 700 | \ | \ | |a Engg Journals Publications |
| 856 | |z Dynamic programming , its principles, applications, strengths, and limitations |u https://virtualpro.unach.elogim.com/biblioteca/programacion-dinamica-sus-principios-aplicaciones-fortalezas-y-limitaciones | ||